[Event "FRA T I 120102011"]
[Site "FRA"]
[Date "2010.10.17"]
[Round "1.3"]
[White "Vaisman, Volodia"]
[Black "Buscara, Sevan"]
[Result "1/2-1/2"]
[WhiteElo "2360"]
[BlackElo "2231"]
[PlyCount "71"]
[EventDate "2010.10.17"]
[EventType "team-match"]
[EventRounds "9"]
[EventCountry "FRA"]
[Source "FFE"]
[SourceDate "2010.10.29"]
[WhiteTeamCountry "FRA"]
[BlackTeamCountry "FRA"]

1. c4 Nf6 2. Nc3 e5 3. g3 Bb4 4. Bg2 O-O 5. Nf3 Re8 6. O-O h6 7. d3 c6 8. Bd2
d5 9. cxd5 Nxd5 10. Nxd5 Bxd2 11. Nxd2 cxd5 12. Qb3 Be6 13. Qxb7 Nd7 14. Nb3 a5
15. Rfc1 a4 16. Nc5 Nxc5 17. Rxc5 Rb8 18. Qc6 Rxb2 19. Qxa4 Rxe2 20. Rc2 Rxc2
21. Qxc2 Qa5 22. a4 Rb8 23. h4 Rb4 24. Kh2 Bf5 25. Qe2 e4 26. dxe4 dxe4 27. Qe1
Bg6 28. Bf1 Kh7 29. Be2 h5 30. Bb5 e3 31. fxe3 Rb2+ 32. Kg1 Qa8 33. Qf1 Be4 34.
Bc4 Kg8 35. Be2 Rb8 36. Qf2 {suite illisible} 1/2-1/2

[Event "FRA T I 120102011"]
[Site "FRA"]
[Date "2010.11.13"]
[Round "2.2"]
[White "Vaklinov, Vasil"]
[Black "Camacho, Juan Carlos"]
[Result "0-1"]
[WhiteElo "2176"]
[BlackElo "2170"]
[PlyCount "71"]
[EventDate "2010.10.17"]
[EventType "team-match"]
[EventRounds "9"]
[EventCountry "FRA"]
[Source "FFE"]
[SourceDate "2010.10.29"]
[WhiteTeamCountry "FRA"]
[BlackTeamCountry "FRA"]

1. c4 Nf6 2. Nc3 e5 3. g3 Be7 4. Nf3 d6 5. d4 e4 6. Ng5 e3 7. Bxe3 Ng4 8. Nf3
Nxe3 9. fxe3 O-O 10. Bg2 Re8 11. Qd2 Nd7 12. O-O Nf6 13. e4 c5 14. d5 Bf8 15.
Qf4 Qe7 16. Ne1 Ng4 17. Nd3 g6 18. h3 Bh6 19. Qf3 Ne3 20. Rf2 Nxc4 21. Nf4 Bg7
22. e3 Nxb2 23. Rc1 Nc4 24. Qe2 Ne5 25. Nd3 Bd7 26. Rcf1 Rf8 27. Qc2 b5 28.
Nxe5 Qxe5 29. Ne2 a5 30. g4 Rab8 31. Nf4 b4 32. Rb1 a4 33. Bf1 Rfc8 34. Bg2 Bb5
35. h4 Qc3 36. Qd1 0-1

[Event "FRA T I 120102011"]
[Site "FRA"]
[Date "2010.11.13"]
[Round "2.4"]
[White "Dussol, Pierre"]
[Black "Armas, Julius"]
[Result "1/2-1/2"]
[WhiteElo "2173"]
[BlackElo "2297"]
[PlyCount "69"]
[EventDate "2010.10.17"]
[EventType "team-match"]
[EventRounds "9"]
[EventCountry "FRA"]
[Source "FFE"]
[SourceDate "2010.10.29"]
[WhiteTeamCountry "FRA"]
[BlackTeamCountry "FRA"]

1. Nf3 b5 2. c3 Bb7 3. Qb3 a6 4. a4 Nf6 5. axb5 Bd5 6. Qc2 axb5 7. Rxa8 Bxa8 8.
Na3 c6 9. e4 g6 10. d4 Bg7 11. Bd3 O-O 12. O-O d6 13. Re1 e6 14. Bf4 Nh5 15.
Bg5 f6 16. Bd2 e5 17. c4 bxc4 18. Nxc4 d5 19. Ba5 Qe7 20. Nb6 Qa7 21. b4 Nf4
22. dxe5 fxe5 23. exd5 cxd5 24. Nxa8 e4 25. Bxe4 Qxa8 26. Bd3 Nc6 27. Bf1 Nxa5
28. bxa5 Qxa5 29. g3 Nh5 30. Re3 Nf6 31. Bh3 Kh8 32. Qd3 Ne4 33. Be6 Nc3 34. h4
Qa2 35. h5 {suite illisible} 1/2-1/2

[Event "FRA T I 120102011"]
[Site "FRA"]
[Date "2010.11.14"]
[Round "3.5"]
[White "Heran, Raphael"]
[Black "Champ, Gael"]
[Result "1-0"]
[WhiteElo "2232"]
[BlackElo "2067"]
[PlyCount "69"]
[EventDate "2010.10.17"]
[EventType "team-match"]
[EventRounds "9"]
[EventCountry "FRA"]
[Source "FFE"]
[SourceDate "2010.10.29"]
[WhiteTeamCountry "FRA"]
[BlackTeamCountry "FRA"]

1. e4 c5 2. Nf3 d6 3. d4 cxd4 4. Nxd4 Nf6 5. Nc3 a6 6. Bg5 e6 7. f4 Nbd7 8. Qf3
Qc7 9. O-O-O b5 10. g4 b4 11. Nce2 Bb7 12. Bxf6 gxf6 13. Ng3 Rc8 14. Rd2 d5 15.
Bd3 Bc5 16. Nb3 Bd6 17. Nh5 a5 18. Re1 a4 19. Nd4 Kf8 20. g5 b3 21. a3 Bxa3 22.
Nb5 Bxb2+ 23. Kxb2 Qa5 24. Qe3 dxe4 25. Be2 bxc2 26. Qa3+ Nc5 27. Rxc2 Qxe1 28.
Rxc5 Rxc5 29. Qxc5+ Kg8 30. Nc3 Qd2+ 31. Kb1 h6 32. Nxf6+ Kg7 33. Qe5 Qe1+ 34.
Kc2 Rc8 35. gxh6+ 1-0

[Event "FRA T I 120102011"]
[Site "FRA"]
[Date "2010.11.13"]
[Round "2.2"]
[White "Mindeguia Guruceaga, Juan Jesus"]
[Black "Petrossian, Armen"]
[Result "1-0"]
[WhiteElo "2192"]
[BlackElo "2443"]
[PlyCount "69"]
[EventDate "2010.10.17"]
[EventType "team-match"]
[EventRounds "9"]
[EventCountry "FRA"]
[Source "FFE"]
[SourceDate "2010.10.29"]
[WhiteTeamCountry "FRA"]
[BlackTeamCountry "FRA"]

1. e4 c6 2. d4 d5 3. e5 Bf5 4. c4 e6 5. Nc3 Ne7 6. a3 Bg6 7. c5 b6 8. b4 a5 9.
Bg5 h6 10. Bh4 axb4 11. axb4 Rxa1 12. Qxa1 bxc5 13. bxc5 Qc7 14. Qa8 Bh7 15. f4
f6 16. Nf3 Kf7 17. Be2 Nd7 18. O-O Ng6 19. f5 exf5 20. Nxd5 cxd5 21. Qxd5+ Ke8
22. e6 Nf4 23. exd7+ Qxd7 24. Qa8+ Kf7 25. Bc4+ Kg6 26. c6 Bd6 27. Qxh8 Qxc6
28. Bg8 Bxg8 29. Qxg8 Qc2 30. Bf2 Ne2+ 31. Kh1 Qd3 32. Nh4+ Kh5 33. Qf7+ Kg4
34. Qg6+ Kf4 35. Bg1+ 1-0

[Event "FRA T I 120102011"]
[Site "FRA"]
[Date "2010.10.17"]
[Round "1.8"]
[White "Oriot, Patrice"]
[Black "Alaux, Sophie"]
[Result "1/2-1/2"]
[WhiteElo "1958"]
[BlackElo "1650"]
[PlyCount "69"]
[EventDate "2010.10.17"]
[EventType "team-match"]
[EventRounds "9"]
[EventCountry "FRA"]
[Source "FFE"]
[SourceDate "2010.10.29"]
[WhiteTeamCountry "FRA"]
[BlackTeamCountry "FRA"]

1. e4 c6 2. d3 d5 3. Nd2 dxe4 4. dxe4 Nf6 5. Bc4 Bg4 6. Ngf3 e6 7. h3 Bh5 8. c3
Bc5 9. O-O Nbd7 10. b4 Bd6 11. Qe2 Qc7 12. Bb3 O-O 13. Nc4 Bf4 14. Be3 Nxe4 15.
Bd4 Nd6 16. g4 Bg6 17. Nce5 Nxe5 18. Nxe5 Nb5 19. Nxg6 hxg6 20. Bc5 Rfd8 21.
Qf3 Be5 22. Rac1 Rd7 23. a4 Nd6 24. Qe2 Bf4 25. Rcd1 Rad8 26. Qf3 Nc8 27. Rxd7
Rxd7 28. Rd1 Rxd1+ 29. Qxd1 Be5 30. Qd3 b6 31. Be3 Qd6 32. Qa6 Qc7 33. Qd3 Qd6
34. Qa6 Qc7 35. Qd3 1/2-1/2

[Event "FRA T I 120102011"]
[Site "FRA"]
[Date "2010.11.14"]
[Round "3.7"]
[White "Ratsiambahotra, Tahiry"]
[Black "Aubert, Lucas"]
[Result "1-0"]
[WhiteElo "1956"]
[BlackElo "1755"]
[PlyCount "69"]
[EventDate "2010.10.17"]
[EventType "team-match"]
[EventRounds "9"]
[EventCountry "FRA"]
[Source "FFE"]
[SourceDate "2010.10.29"]
[WhiteTeamCountry "FRA"]
[BlackTeamCountry "FRA"]

1. c4 e6 2. g3 Nf6 3. Nf3 b6 4. Bg2 Bb7 5. O-O d5 6. Ne5 Nbd7 7. Qa4 Bd6 8. Nc6
Bxc6 9. Qxc6 O-O 10. d4 Re8 11. Nc3 Rc8 12. cxd5 exd5 13. Bg5 Nb8 14. Qb7 h6
15. Bxf6 Qxf6 16. Qxd5 Rcd8 17. Qc4 h5 18. e4 Bf8 19. Nd5 Qe6 20. Qxc7 Rd7 21.
Qc3 Nc6 22. Rad1 Rc8 23. Nf4 Qh6 24. Bh3 Ne7 25. Qf3 f5 26. exf5 Qg5 27. f6 Nf5
28. Qxh5 Qxh5 29. Nxh5 g6 30. Nf4 Rd6 31. Nxg6 Rxf6 32. Nxf8 Rcxf8 33. Bxf5
Rxf5 34. Rd2 Ra5 35. a3 1-0

[Event "FRA T I 120102011"]
[Site "FRA"]
[Date "2010.11.14"]
[Round "3.4"]
[White "Sanchez, Nicolas"]
[Black "Garrido, Denis"]
[Result "1-0"]
[WhiteElo "2176"]
[BlackElo "2288"]
[PlyCount "69"]
[EventDate "2010.10.17"]
[EventType "team-match"]
[EventRounds "9"]
[EventCountry "FRA"]
[Source "FFE"]
[SourceDate "2010.10.29"]
[WhiteTeamCountry "FRA"]
[BlackTeamCountry "FRA"]

1. d4 d6 2. c4 e5 3. d5 f5 4. e4 fxe4 5. Nc3 Bf5 6. Nge2 Nf6 7. Ng3 Bg6 8. Bg5
Be7 9. h4 h6 10. Bxf6 gxf6 11. Ncxe4 f5 12. Nxf5 O-O 13. Qg4 Kh7 14. Nxe7 Qxe7
15. Bd3 Rf4 16. Ng5+ Kh8 17. Qc8+ Rf8 18. Qe6 Qxe6 19. Nxe6 Bxd3 20. Nxf8 Na6
21. Ne6 Bxc4 22. Nxc7 Nxc7 23. Rc1 b5 24. b3 Nxd5 25. bxc4 Nf4 26. cxb5 Nxg2+
27. Ke2 Nf4+ 28. Kd2 Ne6 29. Rc6 Rd8 30. Rhc1 Rd7 31. Ke1 Kg7 32. a4 Kf7 33.
Rc8 d5 34. R1c6 e4 35. Ra6 1-0

[Event "FRA T I 120102011"]
[Site "FRA"]
[Date "2010.11.14"]
[Round "3.8"]
[White "Alonso, Audrey"]
[Black "Allamel, Benjamin"]
[Result "1-0"]
[WhiteElo "1834"]
[BlackElo "1531"]
[PlyCount "67"]
[EventDate "2010.10.17"]
[EventType "team-match"]
[EventRounds "9"]
[EventCountry "FRA"]
[Source "FFE"]
[SourceDate "2010.10.29"]
[WhiteTeamCountry "FRA"]
[BlackTeamCountry "FRA"]

1. e4 d6 2. d4 Nf6 3. Nc3 g6 4. Bc4 Bg7 5. Nge2 Nbd7 6. O-O O-O 7. f4 Nb6 8.
Bb3 Nfd7 9. f5 c5 10. fxg6 hxg6 11. a3 cxd4 12. Nxd4 Ne5 13. Bg5 Bg4 14. Qc1
Qd7 15. Bh6 Rac8 16. Bxg7 Kxg7 17. Qg5 Nec4 18. Nf5+ Bxf5 19. exf5 Qd8 20. Rf3
Rh8 21. Raf1 Nd7 22. fxg6 f6 23. Qd5 Nde5 24. Bxc4 Rxc4 25. Rf5 Qb6+ 26. R1f2
Rxh2 27. Rxe5 dxe5 28. Qf7+ Kh6 29. Qh7+ Kg5 30. Qxh2 Rf4 31. Qg3+ Kh6 32. g7
Qxf2+ 33. Qxf2 Rxf2 34. g8=Q 1-0

[Event "FRA T I 120102011"]
[Site "FRA"]
[Date "2010.11.14"]
[Round "3.1"]
[White "Anic, Darko"]
[Black "Szitas, Gabor"]
[Result "1-0"]
[WhiteElo "2414"]
[BlackElo "2200"]
[PlyCount "67"]
[EventDate "2010.10.17"]
[EventType "team-match"]
[EventRounds "9"]
[EventCountry "FRA"]
[Source "FFE"]
[SourceDate "2010.10.29"]
[WhiteTeamCountry "FRA"]
[BlackTeamCountry "FRA"]

1. Nf3 d5 2. d4 c6 3. c4 Nf6 4. Nc3 e6 5. e3 Nbd7 6. Bd3 Bd6 7. O-O O-O 8. e4
dxe4 9. Nxe4 Nxe4 10. Bxe4 h6 11. Bc2 Re8 12. Qd3 f5 13. Re1 Nf8 14. c5 Bc7 15.
b4 b6 16. Bb3 Kh8 17. Qe3 bxc5 18. bxc5 a5 19. Ba4 Bd7 20. Bb2 Rb8 21. Bc3 Ng6
22. g3 Ne7 23. d5 f4 24. Qd3 cxd5 25. Bc2 Nf5 26. c6 fxg3 27. hxg3 Bxc6 28.
Rxe6 Rxe6 29. Qxf5 Re4 30. Qg6 Qd7 31. Rd1 Qg4 32. Bxe4 Qxg6 33. Bxg6 Rf8 34.
Ne5 1-0

[Event "FRA T I 120102011"]
[Site "FRA"]
[Date "2010.11.14"]
[Round "3.5"]
[White "Py, Jean"]
[Black "Couty, Olivier"]
[Result "1-0"]
[WhiteElo "2114"]
[BlackElo "1947"]
[PlyCount "67"]
[EventDate "2010.10.17"]
[EventType "team-match"]
[EventRounds "9"]
[EventCountry "FRA"]
[Source "FFE"]
[SourceDate "2010.10.29"]
[WhiteTeamCountry "FRA"]
[BlackTeamCountry "FRA"]

1. d4 Nf6 2. Nf3 c5 3. c3 b6 4. Bf4 e6 5. e3 Be7 6. Nbd2 O-O 7. Bd3 d6 8. h4
Nbd7 9. Qe2 Qc7 10. O-O-O Nd5 11. Bh2 cxd4 12. exd4 b5 13. Kb1 N7f6 14. Rc1 Bd7
15. Ng5 Rab8 16. g4 Qb6 17. f3 a5 18. Nge4 g6 19. h5 Rfc8 20. hxg6 hxg6 21. Bg3
Kg7 22. Rh2 b4 23. Nxf6 Bxf6 24. Rch1 Nxc3+ 25. bxc3 bxc3+ 26. Nb3 a4 27. Rh7+
Kf8 28. Qh2 Ke7 29. Rxf7+ Kxf7 30. Qh7+ Bg7 31. Qxg6+ Kf8 32. Rh7 Qxd4 33.
Bxd6+ Kg8 34. Rh8+ 1-0

[Event "FRA T I 120102011"]
[Site "FRA"]
[Date "2010.10.17"]
[Round "1.7"]
[White "Alonso, Audrey"]
[Black "Gaubil, Olivier"]
[Result "0-1"]
[WhiteElo "1837"]
[BlackElo "2056"]
[PlyCount "65"]
[EventDate "2010.10.17"]
[EventType "team-match"]
[EventRounds "9"]
[EventCountry "FRA"]
[Source "FFE"]
[SourceDate "2010.10.29"]
[WhiteTeamCountry "FRA"]
[BlackTeamCountry "FRA"]

1. e4 e6 2. d4 d5 3. exd5 exd5 4. Bd3 Nc6 5. c3 Bd6 6. Ne2 Bg4 7. Qc2 Nge7 8.
O-O Qd7 9. Re1 O-O-O 10. b4 Rde8 11. Qa4 Kb8 12. Nd2 Nxd4 13. Qxd7 Nxe2+ 14.
Rxe2 Bxd7 15. Nb3 Ng6 16. Be3 Ne5 17. Rd2 Nxd3 18. Rxd3 c6 19. Nc5 Bf5 20. Rd2
Re7 21. c4 b6 22. Na6+ Kb7 23. b5 Be5 24. Rc1 d4 25. Bxd4 Bf4 26. Be3 Rxe3 27.
fxe3 Bxe3+ 28. Rf2 Be6 29. Rcc2 Rd8 30. Kf1 Bxf2 31. Kxf2 c5 32. Kf3 Rd4 33.
Re2 0-1

[Event "FRA T I 120102011"]
[Site "FRA"]
[Date "2010.11.14"]
[Round "3.6"]
[White "Bastin, Stephane"]
[Black "Deschamps, Remi"]
[Result "0-1"]
[WhiteElo "1988"]
[BlackElo "2098"]
[PlyCount "66"]
[EventDate "2010.10.17"]
[EventType "team-match"]
[EventRounds "9"]
[EventCountry "FRA"]
[Source "FFE"]
[SourceDate "2010.10.29"]
[WhiteTeamCountry "FRA"]
[BlackTeamCountry "FRA"]

1. e4 e6 2. d4 d5 3. Nd2 c5 4. c3 Nc6 5. Ngf3 cxd4 6. cxd4 Bb4 7. e5 Nh6 8. Bd3
Qb6 9. a3 Bxd2+ 10. Qxd2 Nf5 11. Bxf5 exf5 12. O-O a5 13. Qf4 Be6 14. Bd2 a4
15. Rfc1 h6 16. Qh4 Kd7 17. Qf4 g5 18. Qe3 f4 19. Qd3 g4 20. Rxc6 bxc6 21. Nh4
Qa6 22. Qc2 f3 23. Nf5 Qc4 24. Bc3 Rab8 25. Re1 h5 26. Ne3 Qb3 27. Qd2 Qb5 28.
Nc2 h4 29. Re3 Bf5 30. Ne1 Be4 31. Nd3 fxg2 32. Nc5+ Ke8 33. Nxe4 Qf1# 0-1

[Event "FRA T I 120102011"]
[Site "FRA"]
[Date "2010.11.13"]
[Round "2.5"]
[White "Belluire, Patrice"]
[Black "Guerin, Gilles"]
[Result "0-1"]
[WhiteElo "1981"]
[BlackElo "2204"]
[PlyCount "66"]
[EventDate "2010.10.17"]
[EventType "team-match"]
[EventRounds "9"]
[EventCountry "FRA"]
[Source "FFE"]
[SourceDate "2010.10.29"]
[WhiteTeamCountry "FRA"]
[BlackTeamCountry "FRA"]

1. e4 d6 2. d4 Nf6 3. Nc3 Nbd7 4. Bc4 e5 5. Nf3 Be7 6. O-O c6 7. dxe5 dxe5 8.
a4 O-O 9. Qe2 Qc7 10. Bg5 Nc5 11. Rfd1 Bg4 12. h3 Bh5 13. Qe3 Ne6 14. Bxe6 fxe6
15. Bxf6 Rxf6 16. g4 Raf8 17. Nh2 Bg6 18. f3 b6 19. Kg2 Bc5 20. Qd3 R6f7 21.
Ne2 Qe7 22. c3 a5 23. Ng3 Qg5 24. Ngf1 h5 25. Qd2 Qe7 26. Qd3 Qh4 27. Qe2 Bxe4
28. Qe1 Rxf3 29. Nxf3 Rxf3 30. Qxh4 Rf2+ 31. Kg1 Rg2+ 32. Kh1 Rxg4+ 33. Kh2
Bg1# 0-1

[Event "FRA T I 120102011"]
[Site "FRA"]
[Date "2010.10.17"]
[Round "1.3"]
[White "Rodriguez, Angel"]
[Black "Laboucarie, Gabriel"]
[Result "1-0"]
[WhiteElo "2071"]
[BlackElo "1840"]
[PlyCount "66"]
[EventDate "2010.10.17"]
[EventType "team-match"]
[EventRounds "9"]
[EventCountry "FRA"]
[Source "FFE"]
[SourceDate "2010.10.29"]
[WhiteTeamCountry "FRA"]
[BlackTeamCountry "FRA"]

1. f4 e6 2. Nf3 c5 3. g3 Nc6 4. Bg2 Nf6 5. O-O d5 6. d3 Be7 7. c3 O-O 8. Qe1 b5
9. e4 Qb6 10. Kh1 Bb7 11. e5 Nd7 12. Na3 c4 13. d4 a5 14. Nc2 b4 15. Ne3 a4 16.
f5 a3 17. Ng4 h5 18. f6 hxg4 19. fxe7 Nxe7 20. Ng5 Nf5 21. Qe2 axb2 22. Bxb2
bxc3 23. Bxc3 Nxd4 24. Qxg4 Nf5 25. Rxf5 exf5 26. Qxf5 Qg6 27. Qxd7 Qxg5 28.
Qxb7 Rxa2 29. Rf1 Qe3 30. e6 Rf2 31. Rxf2 Qxf2 32. e7 Re8 33. Qd7 Qc2 1-0

[Event "FRA T I 120102011"]
[Site "FRA"]
[Date "2010.11.13"]
[Round "2.2"]
[White "Desnos, Alexandre"]
[Black "Pellegrin, Philippe"]
[Result "1-0"]
[WhiteElo "2109"]
[BlackElo "2005"]
[PlyCount "63"]
[EventDate "2010.10.17"]
[EventType "team-match"]
[EventRounds "9"]
[EventCountry "FRA"]
[Source "FFE"]
[SourceDate "2010.10.29"]
[WhiteTeamCountry "FRA"]
[BlackTeamCountry "FRA"]

1. d4 Nf6 2. c4 e6 3. Nf3 b6 4. e3 Bb7 5. Nc3 Be7 6. Be2 d6 7. O-O O-O 8. b3
Nbd7 9. Bb2 a6 10. Rc1 c5 11. Qc2 Qc7 12. Rfd1 Rac8 13. Qb1 Qb8 14. Ne1 Qa8 15.
Bf3 d5 16. cxd5 exd5 17. dxc5 Nxc5 18. Nd3 Nce4 19. Nf4 Nxc3 20. Bxc3 Ne4 21.
Bd4 Ba3 22. Rxc8 Rxc8 23. Bxe4 dxe4 24. Nh5 f6 25. b4 Bd5 26. Bxf6 gxf6 27.
Nxf6+ Kf7 28. Nxd5 Rc1 29. Rxc1 Bxc1 30. Qxe4 Qd8 31. Qxh7+ Ke6 32. Qg6+ 1-0

[Event "FRA T I 120102011"]
[Site "FRA"]
[Date "2010.10.17"]
[Round "1.7"]
[White "Gelis, Dorian"]
[Black "Cazottes, Guillaume"]
[Result "1-0"]
[WhiteElo "232"]
[BlackElo "1893"]
[PlyCount "63"]
[EventDate "2010.10.17"]
[EventType "team-match"]
[EventRounds "9"]
[EventCountry "FRA"]
[Source "FFE"]
[SourceDate "2010.10.29"]
[WhiteTeamCountry "FRA"]
[BlackTeamCountry "FRA"]

1. e4 c5 2. Nc3 Nc6 3. Bb5 Nd4 4. Bc4 e6 5. Nf3 Nf6 6. d3 d5 7. Bb3 Nxb3 8.
axb3 Be7 9. O-O Bd7 10. e5 Ng8 11. Ne1 h5 12. Bd2 Qc7 13. Nf3 Nh6 14. Re1 Nf5
15. Ne2 h4 16. h3 Bc6 17. Nc3 Qd8 18. Nh2 Bg5 19. Qc1 Be7 20. Ng4 a6 21. Bf4 b5
22. Nd1 a5 23. f3 Ng3 24. Kh2 Nh5 25. Bd2 Ng3 26. Ndf2 Qc7 27. Bg5 f6 28. Bf4
f5 29. Nf6+ gxf6 30. exf6 Bd8 31. Rxe6+ Kd7 32. Re7+ 1-0

[Event "FRA T I 120102011"]
[Site "FRA"]
[Date "2010.11.14"]
[Round "3.8"]
[White "Laurain, Dominique"]
[Black "Bianchi, Florence"]
[Result "1/2-1/2"]
[WhiteElo "2001"]
[BlackElo "1774"]
[PlyCount "63"]
[EventDate "2010.10.17"]
[EventType "team-match"]
[EventRounds "9"]
[EventCountry "FRA"]
[Source "FFE"]
[SourceDate "2010.10.29"]
[WhiteTeamCountry "FRA"]
[BlackTeamCountry "FRA"]

1. d4 Nf6 2. c4 e6 3. Nc3 Bb4 4. e3 d5 5. Nf3 O-O 6. Bd3 Nbd7 7. a3 dxc4 8.
Bxc4 Be7 9. O-O c5 10. Qe2 a6 11. Rd1 b5 12. Bd3 c4 13. Bc2 Qc7 14. e4 Rd8 15.
e5 Nd5 16. Bg5 Nf8 17. h4 Bb7 18. Ne4 Bxg5 19. Nfxg5 h6 20. Nf3 Qe7 21. Nd6 Nf4
22. Qe3 Nd5 23. Qe1 Bc6 24. Ne4 Ng6 25. h5 Nf8 26. b3 cxb3 27. Bxb3 a5 28. Rdc1
Bd7 29. Nd6 Rdb8 30. Bxd5 exd5 31. Qc3 Ne6 32. Qb3 1/2-1/2

[Event "FRA T I 120102011"]
[Site "FRA"]
[Date "2010.10.17"]
[Round "1.2"]
[White "Garrido, Denis"]
[Black "Martin Gonzalez, Angel"]
[Result "1-0"]
[WhiteElo "2279"]
[BlackElo "2360"]
[PlyCount "61"]
[EventDate "2010.10.17"]
[EventType "team-match"]
[EventRounds "9"]
[EventCountry "FRA"]
[Source "FFE"]
[SourceDate "2010.10.29"]
[WhiteTeamCountry "FRA"]
[BlackTeamCountry "FRA"]

1. d4 Nf6 2. c4 c5 3. d5 e6 4. Nc3 exd5 5. cxd5 d6 6. e4 g6 7. Bd3 Bg7 8. Nge2
O-O 9. O-O Re8 10. Ng3 Ng4 11. h3 Ne5 12. Bb5 Bd7 13. f4 Bxb5 14. Nxb5 Qb6 15.
fxe5 Qxb5 16. Qf3 Rf8 17. exd6 Nd7 18. Qg4 Ne5 19. Qh4 Nd3 20. Bg5 Qxb2 21. Be7
c4 22. d7 Qb6+ 23. Kh2 Qc7 24. Bf6 Bxf6 25. Rxf6 Qxd7 26. Raf1 Rac8 27. Qh6 c3
28. R1f5 Kh8 29. Nh5 Rg8 30. Rxf7 Qd6+ 31. e5 1-0

[Event "FRA T I 120102011"]
[Site "FRA"]
[Date "2010.11.13"]
[Round "2.6"]
[White "Guennoun, Anthony"]
[Black "Coustance, Kevin"]
[Result "0-1"]
[WhiteElo "2100"]
[BlackElo "2006"]
[PlyCount "62"]
[EventDate "2010.10.17"]
[EventType "team-match"]
[EventRounds "9"]
[EventCountry "FRA"]
[Source "FFE"]
[SourceDate "2010.10.29"]
[WhiteTeamCountry "FRA"]
[BlackTeamCountry "FRA"]

1. e4 c5 2. Nf3 d6 3. d4 cxd4 4. Qxd4 Nc6 5. Bb5 Bd7 6. Bxc6 bxc6 7. c4 c5 8.
Qd3 g6 9. Nc3 Bg7 10. O-O Bc6 11. Nd5 Bxd5 12. exd5 Rb8 13. Re1 Nf6 14. Re2 O-O
15. Bg5 Rb7 16. Rae1 Re8 17. h3 h6 18. Bh4 Kh7 19. b3 a5 20. Nd2 a4 21. bxa4
Nh5 22. Qf3 Nf6 23. Bxf6 Bxf6 24. Ne4 Bg7 25. Qxf7 Rf8 26. Qe6 Qa5 27. h4 Qxa4
28. h5 gxh5 29. Ng3 Qxc4 30. Nxh5 Be5 31. Re4 Qxe4 0-1

[Event "FRA T I 120102011"]
[Site "FRA"]
[Date "2010.11.14"]
[Round "3.6"]
[White "Hutin, Christophe"]
[Black "Guennoun, Anthony"]
[Result "1-0"]
[WhiteElo "2103"]
[BlackElo "2100"]
[PlyCount "62"]
[EventDate "2010.10.17"]
[EventType "team-match"]
[EventRounds "9"]
[EventCountry "FRA"]
[Source "FFE"]
[SourceDate "2010.10.29"]
[WhiteTeamCountry "FRA"]
[BlackTeamCountry "FRA"]

1. e4 c5 2. Nf3 Nc6 3. Bb5 e6 4. O-O Nge7 5. b3 a6 6. Bxc6 Nxc6 7. Bb2 d5 8.
exd5 Qxd5 9. Nc3 Qf5 10. Ne2 Bd7 11. Ng3 Qg6 12. Re1 O-O-O 13. c3 h5 14. Qb1 f5
15. Ne2 Bd6 16. d4 h4 17. h3 e5 18. dxe5 Nxe5 19. Nxe5 Bxe5 20. Nd4 Bc7 21. Nf3
Bc6 22. Re3 Be4 23. Qe1 Bf4 24. c4 b6 25. Qe2 Bxe3 26. Qxe3 Rh5 27. Ne1 Rd3 28.
Qe2 Rxh3 29. f3 Bb7 30. Rd1 Qg3 31. Qe6+ Kc7 1-0

[Event "FRA T I 120102011"]
[Site "FRA"]
[Date "2010.11.13"]
[Round "2.4"]
[White "Leygue, Dominique"]
[Black "Fejzovski, Ekrem"]
[Result "1-0"]
[WhiteElo "2301"]
[BlackElo "2061"]
[PlyCount "61"]
[EventDate "2010.10.17"]
[EventType "team-match"]
[EventRounds "9"]
[EventCountry "FRA"]
[Source "FFE"]
[SourceDate "2010.10.29"]
[WhiteTeamCountry "FRA"]
[BlackTeamCountry "FRA"]

1. e4 Nf6 2. e5 Nd5 3. Nc3 Nb6 4. d4 d6 5. f4 dxe5 6. fxe5 Bf5 7. Nf3 e6 8. Bd3
Bxd3 9. Qxd3 Be7 10. Ne4 Nc6 11. O-O Qd5 12. b3 f5 13. exf6 gxf6 14. c4 Qh5 15.
Ng3 Qg4 16. Qe4 Qxe4 17. Nxe4 O-O-O 18. Be3 Rhg8 19. Rad1 Rg4 20. Nf2 Rg7 21.
Nh3 Rdg8 22. g3 e5 23. d5 Nb4 24. Nh4 Rxg3+ 25. hxg3 Rxg3+ 26. Kf2 Rxh3 27. Nf3
Bf8 28. Rh1 Rxh1 29. Rxh1 Nxa2 30. Rxh7 Nc3 31. Bxb6 1-0

[Event "FRA T I 120102011"]
[Site "FRA"]
[Date "2010.11.14"]
[Round "3.3"]
[White "Planell, Eric"]
[Black "Fejzovski, Ekrem"]
[Result "1-0"]
[WhiteElo "2206"]
[BlackElo "2061"]
[PlyCount "61"]
[EventDate "2010.10.17"]
[EventType "team-match"]
[EventRounds "9"]
[EventCountry "FRA"]
[Source "FFE"]
[SourceDate "2010.10.29"]
[WhiteTeamCountry "FRA"]
[BlackTeamCountry "FRA"]

1. e4 c5 2. c3 e6 3. d4 b6 4. Qa4 Bb7 5. Nd2 a6 6. Ngf3 b5 7. Qb3 Nf6 8. e5 Nd5
9. dxc5 Bxc5 10. Ne4 Be7 11. Bd3 Qc7 12. Bg5 f6 13. exf6 gxf6 14. Bh6 Nf4 15.
Bxf4 Qxf4 16. Ned2 Nc6 17. O-O-O Ne5 18. Nxe5 fxe5 19. f3 b4 20. g3 Qe3 21.
cxb4 Qb6 22. a3 Bg5 23. Kb1 Bxd2 24. Rxd2 Bxf3 25. Bg6+ hxg6 26. Qxf3 Ke7 27.
Re1 d5 28. Qg4 Rag8 29. Qg5+ Kd6 30. Qf6 Qd8 31. Rxd5+ 1-0

[Event "FRA T I 120102011"]
[Site "FRA"]
[Date "2010.10.17"]
[Round "1.4"]
[White "Saez, Frederic"]
[Black "Couty, Olivier"]
[Result "1-0"]
[WhiteElo "2222"]
[BlackElo "1950"]
[PlyCount "61"]
[EventDate "2010.10.17"]
[EventType "team-match"]
[EventRounds "9"]
[EventCountry "FRA"]
[Source "FFE"]
[SourceDate "2010.10.29"]
[WhiteTeamCountry "FRA"]
[BlackTeamCountry "FRA"]

1. e4 c6 2. d3 d5 3. Nd2 g6 4. Ngf3 Bg7 5. g3 e5 6. Bg2 Ne7 7. O-O O-O 8. Re1
Qc7 9. Rb1 Re8 10. b4 Nd7 11. Bb2 Nf8 12. exd5 Nxd5 13. a3 Bg4 14. Nc4 Rad8 15.
h3 Bxf3 16. Qxf3 Nb6 17. Nxb6 axb6 18. b5 Rd6 19. d4 Rf6 20. Qb3 Rfe6 21. dxe5
Bxe5 22. Bxe5 Rxe5 23. Rxe5 Rxe5 24. bxc6 bxc6 25. Qxb6 Qe7 26. a4 Nd7 27. Qxc6
Re1+ 28. Rxe1 Qxe1+ 29. Kh2 Ne5 30. Qc5 Qa1 31. a5 1-0

[Event "FRA T I 120102011"]
[Site "FRA"]
[Date "2010.11.13"]
[Round "2.6"]
[White "Zschiedrich, Heiko"]
[Black "Laurain, Dominique"]
[Result "1-0"]
[WhiteElo "2144"]
[BlackElo "2001"]
[PlyCount "62"]
[EventDate "2010.10.17"]
[EventType "team-match"]
[EventRounds "9"]
[EventCountry "FRA"]
[Source "FFE"]
[SourceDate "2010.10.29"]
[WhiteTeamCountry "FRA"]
[BlackTeamCountry "FRA"]

1. e4 e6 2. d4 d5 3. Nd2 Nf6 4. Bd3 c5 5. exd5 exd5 6. dxc5 Bxc5 7. Ngf3 O-O 8.
O-O Bg4 9. Nb3 Bb6 10. Re1 Nc6 11. c3 Qd6 12. h3 Bh5 13. Be3 Ne5 14. g4 Nxd3
15. Qxd3 Bg6 16. Qf1 Rfe8 17. Bxb6 Qxb6 18. Nfd4 h5 19. f3 hxg4 20. hxg4 Qd6
21. Qf2 a6 22. Qh2 Qxh2+ 23. Kxh2 Nd7 24. f4 Be4 25. Kg3 g6 26. Re3 Re7 27.
Rae1 Rae8 28. g5 Kg7 29. f5 Re5 30. f6+ Nxf6 31. gxf6+ Kxf6 {suite illisible}
1-0